Größte Gemeinden Österreichs mit "Z" - Statistiken

Allgemein
  • Dieses Quiz wurde 65 mal gespielt
  • Das Durchschnittsergebnis liegt bei 6 aus 10
Antwortstatistiken
Einwohner Bezirk Bundesland Gemeinde % Korrekt
9.854 Zell am See Salzburg Zell am See
100%
10.885 Zwettl Niederösterreich Zwettl
100%
3.406 Landeck Tirol Zams
65%
4.076 Tulln Niederösterreich Zwentendorf
57%
8.146 Innsbruck-Land Tirol Zirl
54%
5.393 Gänserndorf Niederösterreich Zistersdorf
54%
7.066 Murtal Steiermark Zeltweg
46%
3.257 Feldkirch Vorarlberg Zwischenwasser
26%
2.449 Hollabrunn Niederösterreich Zellerndorf
24%
3.403 Hollabrunn Niederösterreich Ziersdorf
24%
Keine übereinstimmenden Quizze gefunden
Verteilung der Resultate
Anzahl Personen mit jedem Resultat
Perzentil nach korrekt beantworteten Fragen
Ihre Resultats-Entwicklung
Sie haben dieses Quiz noch nicht gespielt